000 00667nam a22001817a 4500
003 BUBTL
008 180116b xxu||||| |||| 00| 0 eng d
020 _a984-458-312-8
082 _a954.92051MAI
100 _91756
_a মামুন, মুনতাসীর
245 _aইয়াহিয়া খান ও মুক্তিযুদ্ধ /
_cমুনতাসীর মামুন
260 _aঢাকা :
_bসময় প্রকাশন,
_cc২০০১
300 _a 171 p. :
_c22 cm.
650 0 _91757
_aমুক্তিযুদ্ধ
856 _k0
_l0
_yDownload
942 _2ddc
_cBK
999 _c5656
_d5656